Loading...

Swami Vivekananda

Bibliographic Details
Main Author: Rao V K R V
Format: Printed Book
Published: Delhi: Publishing division.
Subjects:
LEADER 00400nam a22001214a 4500
082 |a 922.945 
100 |a Rao V K R V , 
260 |a Delhi:  |b Publishing division. 
650 |a Swami Vivekananda 
245 |a Swami Vivekananda  |c by V K R V Rao 
942 |c BK 
999 |c 246960  |d 246960 
952 |0 0  |1 0  |4 0  |6 922_945000000000000_RAO  |7 0  |8 G  |9 262313  |a HIS  |b HIS  |d 2020-01-04  |l 0  |o 922.945 RAO  |p HIS9768  |r 2020-01-04  |t 1  |w 2020-01-04  |y BK